书目信息 |
| 题名: |
斯大林文选
|
|
| 作者: | ;中共中央马恩列斯著作编译局 编译 | |
| 分册: | 1934-1952 | |
| 出版信息: | 北京 人民出版社 1962 |
|
| 页数: | 662页 | |
| 开本: | 21cm | |
| 丛书名: | ||
| 单 册: | ||
| 中图分类: | A3 | |
| 科图分类: | ||
| 主题词: | 斯大林著作 | |
| 电子资源: | ||
| ISBN: | ||
| 000 | 00650nam0 2200193 450 | |
| 001 | 0641329249 | |
| 005 | 20070717160750.48 | |
| 010 | @dCNY1.30(全二册) | |
| 100 | @a20060726d1962 km y0chiy0120 ea | |
| 101 | 0 | @achi |
| 102 | @aCN@b110000 | |
| 200 | 1 | @a斯大林文选@h1934-1952@Asi da lin wen xuan@f中共中央马恩列斯著作编译局编译@Fzhong gong zhong yang ma en lie si zhu zuo bian yi ju bian yi |
| 210 | @a北京@c人民出版社@d1962 | |
| 215 | @a662页@d21cm | |
| 606 | 0 | @a斯大林著作 |
| 690 | @aA3@v3 | |
| 711 | 0 | @a中共中央马恩列斯著作编译局@Azhong gong zhong yang ma en lie si zhu zuo bian yi ju@4编译 |
| 801 | 0 | @aCN@bPFT@c20070717 |
| 905 | @a10447@dA3@e11:2 | |
| 斯大林文选.1934-1952/中共中央马恩列斯著作编译局编译.-北京:人民出版社,1962 |
| 662页;21cm |
| ISBN :CNY1.30(全二册) |
| ● |
| 相关链接 |
|
|
|
|
正题名:斯大林文选
索取号:A3/11:2
 
预约/预借
| 序号 | 登录号 | 条形码 | 馆藏地/架位号 | 状态 | 备注 |
| 1 | 0426588 | 204265883 | 密集书库/ [索取号:A3/11:2] | 在馆 | |
| 2 | 0459266 | 204592663 | 密集书库/ [索取号:A3/11:2] | 在馆 | |
| 3 | 0767006 | 207670064 | 密集书库/ [索取号:A3/11:2] | 在馆 |